Normal view MARC view
  • Rincón Coutiño, Valentín

Entry Nombre Personal

Number of records used in: 1

001 - NUMERO DE CONTROL

  • campo de control: 45877

003 - IDENTIFICADOR DE NUMERO DE CONTROL

  • campo de control: UPN

005 - FECHA Y HORA DE LA ÜLTIMA TRANSACCIÓN

  • campo de control: 20220822081828.0

008 - DATOS DE LONGITUD FIJA

  • campo de control de longitud fija: 220822|| aca||aabn | a|a d

040 ## - FUENTE DE CATALOGACIÓN

  • Agencia original de catalogación: MX-MxUPN
  • Lenguaje de catalogación: spa
  • Agencia de transcripción: MX-MxUPN

100 1# - ENCABEZAMIENTO - NOMBRE PERSONAL

  • Nombre personal: Rincón Coutiño, Valentín

400 1# - VEÁSE - NOMBRE DE PERSONA

  • Personal name: Coutiño, Valentín Rincón

670 ## - FUENTE EN LA QUE SE LOCALIZARON DATOS

  • Cita de la fuente: En su obra: Chiapas: entre Guatemala y México, 1964:
  • Información localizada: portada (Valentín Rincón Coutiño)

902 ## - CATALOGADOR

  • Catalogador: NDAF/220822